| 000 | 00000nam##2200000za#4500 |
| 001 | 9.602543 |
| 003 | CaOODSP |
| 005 | 20230801131715 |
| 007 | cr ||||||||||| |
| 008 | 150406|2003||||xxc|||||o f|0| 0 fre|d |
| 040 | |aCaOODSP|bfre |
| 043 | |an-cn--- |
| 086 | 1 |aPS83-6/34F-PDF |
| 110 | 2 |aService correctionnel Canada. |bDirection de la recherche. |
| 245 | 10|aDélinquants condamnés pour un homicide, une infraction sexuelle, un vol qualifié ou une infraction liée à la drogue dans le système correctionnel fédéral : |h[ressource électronique]|brevue de fin d'année 2002 / |cpar Laurence L. Motiuk et Ben Vuong. |
| 260 | |aOttawa - Ontario : |bService correctionnel Canada. |cJanvier 2003. |
| 300 | |a25p.|btableaux |
| 490 | 1 |aRapport de synthèse|vN° B-34 |
| 590 | |a11-28-Supp|b2011-11-17 |
| 720 | 1 |aMotiuk, Laurence L. |
| 720 | 1 |aVuong, Ben |
| 775 | 08|tHomicide, sex, robbery and drug offenders in federal corrections : |w(CaOODSP)9.572131 |
| 830 | #0|aRapport de synthèse (Service correctionnel Canada)|vN° B-34|w(CaOODSP)9.503042 |
| 856 | 40|ahttp://publications.gc.ca|qPDF|s278 Ko|uhttps://publications.gc.ca/collections/collection_2011/scc-csc/PS83-6-34-fra.pdf|yN° B-34 |